[Event "22nd OIBM 2018"]
[Site "Gmund am Tegernsee"]
[Date "2018.10.29"]
[Round "3"]
[White "Ammon, Tobias"]
[Black "Singer, Christoph"]
[Result "1/2-1/2"]
[WhiteElo "2165"]
[BlackElo "2344"]
[Annotator "TA"]
[PlyCount "92"]
[EventDate "2018.10.27"]
[EventType "swiss"]
[EventCountry "GER"]
[SourceTitle "playchess.com"]
[Source "ChessBase"]
[SourceQuality "1"]

{[%evp 14,92,54,49,53,53,48,38,44,-29,-35,-50,-48,-47,-42,-41,-37,-40,-20,-28,-14,-37,-26,-49,-50,-47,-10,-64,-52,-57,-56,-45,0,0,0,0,12,2,33,31,64,29,31,25,74,0,0,0,0,0,35,-13,0,0,0,0,0,0,2,6,11,13,21,0,0,0,28,0,0,0,0,0,0,0,0,0,0,0,0,0,174]} 1. e4 e5 2. Nf3 Nc6 3. d4 exd4 4. Nxd4 Nf6 {[%cal Bg8f6,Bf6e4,Be4c5][%mdl 32]} 5. Nxc6 bxc6 6. e5 Ne4 7. Nd2 {[%cal Bb1d2,Bd2f3,Bf3d4][%mdl 32]} Nc5 {C45: Scotch Game} (7... Nxd2 8. Bxd2 d5 9. Bd3 Qh4 10. O-O Bc5 11. c4 O-O 12. Rc1 Bd4 13. Bc3 Bxc3 14. Rxc3 Be6 15. f4 {1-0 (55) Vallejo Pons,F (2679)-Kortschnoj,V (2568) Vera 2004 CBM 102 [Postny,E]}) 8. Nf3 {LiveBook: 7 Games} Be7 9. Nd4 O-O {White is slightly better.} 10. Be2 f6 $146 ({Predecessor:} 10... Re8 11. O-O Bf8 12. f4 d6 13. Bf3 Bb7 14. b4 dxe5 15. fxe5 {1-0 (34) Schmittdiel,E (2485)-Gostisa,L (2420) Buekfuerdo 1995}) 11. e6 (11. exf6 $14 Bxf6 12. O-O) 11... Nxe6 $11 12. Nxe6 dxe6 13. O-O Qxd1 14. Rxd1 Bd6 15. Bf3 Bd7 16. Be3 Rfb8 17. Rab1 Be8 18. Rd3 a5 19. a4 f5 {[%cal Bf6f5,Bf5f4][%mdl 32]} 20. Rc3 ({White should play} 20. b3 $11) 20... f4 21. Bc5 Be5 22. Rc4 Rxb2 (22... Bxb2 {looks sharper.} 23. Rxf4 Bf6 24. Rc1 e5 25. Rg4 Bh5) 23. Rxb2 Bxb2 24. Rxf4 {[%csl Gc5][%cal Rf4f8] [#]} Bg6 (24... Bd7 {seems wilder.} 25. Rc4 Ra6 26. g3 e5 27. Be3 Ba3) 25. Rc4 $1 Rd8 26. Be3 Rd6 27. g3 e5 28. Rc5 Bd4 29. Rxa5 (29. Bxd4 $16 exd4 30. Kf1) 29... Bxc2 30. Ra8+ Kf7 31. a5 c5 32. Bb7 c4 {[#] White must now prevent ...Bf5.} 33. Rc8 Bxe3 34. fxe3 {[%mdl 4096] Endgame KRB-KRB} Rd1+ 35. Kf2 Bd3 36. a6 Ra1 37. Rxc7+ Kf6 38. Rc6+ Kf5 39. Rc7 Kf6 40. g4 e4 {The position is equal.} 41. h4 h6 42. Kg3 Rg1+ 43. Kf2 Ra1 44. Kg3 Rg1+ 45. Kf2 Ra1 46. Bc8 c3 $2 {Precision: White = 53%, Black = 67%.} (46... Ke5 $11 {and Black stays safe.} 47. Bb7 Kd6 48. Rc6+ Ke5) 1/2-1/2

[Event "22nd OIBM 2018"]
[Site "Gmund am Tegernsee"]
[Date "2018.10.29"]
[Round "3"]
[White "Rueberg, Jobst"]
[Black "Mons, Leon"]
[Result "0-1"]
[WhiteElo "2101"]
[BlackElo "2554"]
[Annotator "TA"]
[PlyCount "90"]
[EventDate "2018.10.27"]
[EventType "swiss"]
[EventCountry "GER"]
[SourceTitle "playchess.com"]
[Source "ChessBase"]
[SourceQuality "1"]

{[%evp 9,90,-2,0,-38,-6,-11,-3,-12,0,-22,0,0,0,-43,-39,-41,-41,-37,-40,-35,-33,-89,-83,-96,-73,-101,-102,-109,-59,-180,-157,-183,-174,-190,-164,-212,-197,-211,-195,-182,-182,-187,-182,-204,-187,-206,-165,-229,-225,-227,-227,-229,-220,-218,-197,-260,-272,-249,-239,-369,-357,-400,-381,-458,-422,-433,-420,-641,-609,-880,-823,-900,-887,-1607,-1629,-1609,-1537,-1487,-1374,-1388,-888,-1217,-1204]} 1. e4 g6 2. Nf3 Bg7 3. Be2 c5 4. d3 Nc6 5. O-O Nf6 {LiveBook: 5 Games} (5... e6 6. c3 Nge7 7. Nbd2 O-O 8. Re1 Rb8 9. Bf1 b5 10. a3 a5 11. Qc2 d6 12. Rb1 b4 13. a4 {0-1 (81) Salgado Lopez,I (2644)-Adnani,M (2448) Riadh 2017}) 6. h3 {B30: Sicilian: 2...Nc6 3 Bb5, lines without ...g6} O-O 7. c3 b6 8. Bg5 $146 {The position is equal.} ({Predecessor:} 8. Be3 Qc7 9. Na3 a6 10. Rc1 d5 11. Qc2 Bb7 12. Rfd1 Rfd8 13. Bg5 dxe4 14. dxe4 b5 {1-0 (55) Bakalarczyk,W (1927)-Stepien,M (2059) Polanica Zdroj 2007}) 8... Bb7 9. Nbd2 h6 10. Bf4 d6 {[%cal Bd7d6,Bd6d5,Bd5d4][%mdl 32]} 11. Nh2 e5 12. Bg3 d5 13. Re1 Qd7 14. Qc2 d4 15. c4 (15. Nc4 $15) 15... Ne8 $17 16. a3 Nd6 17. Rab1 {[#]} a5 $1 18. Bf1 f5 19. f3 (19. exf5 $1 $15 Nxf5 20. Be2) 19... h5 20. Bf2 Bh6 21. g3 Qf7 22. b3 Qg7 23. Bg2 Rae8 24. Ndf1 Bc8 25. Kh1 Bd7 26. Re2 Kh8 27. Be1 Qf6 28. Bd2 (28. Kg1 $142) 28... Bxd2 $19 29. Qxd2 f4 30. g4 b5 31. Qc1 a4 32. b4 (32. Nd2 $142) 32... cxb4 33. axb4 Rb8 34. c5 (34. Reb2 {was called for.}) 34... Ne8 {[%cal Bd6e8,Be8c7,Bc7a6][%mdl 32]} 35. Kg1 Nc7 36. Nd2 Na6 37. Qa3 Qe7 38. Ndf1 (38. Ree1 $142 Kg7 39. Rec1) 38... Ncxb4 {Black is clearly winning.} 39. Reb2 Qxc5 40. Rxb4 Nxb4 41. Qxb4 Qxb4 42. Rxb4 Rfc8 43. Nd2 a3 44. Rb1 b4 45. Nhf1 Be6 {Precision: White = 38%, Black = 68%.} 0-1

[Event "22nd OIBM 2018"]
[Site "Gmund am Tegernsee"]
[Date "2018.10.29"]
[Round "3"]
[White "Yakimenko, Alexander A."]
[Black "Iniyan, P."]
[Result "1-0"]
[WhiteElo "2101"]
[BlackElo "2476"]
[Annotator "TA"]
[PlyCount "129"]
[EventDate "2018.10.27"]
[EventType "swiss"]
[EventCountry "GER"]
[SourceTitle "playchess.com"]
[Source "ChessBase"]
[SourceQuality "1"]

{[%evp 11,129,39,56,46,47,45,58,19,32,13,34,-7,-2,-8,5,-16,-15,-26,0,3,18,-4,0,-8,68,75,61,54,45,47,76,69,89,79,87,82,113,35,33,50,31,0,55,4,11,18,14,21,18,16,14,19,50,47,46,30,43,6,77,13,0,0,871,794,1489,874,1330,1155,1085,1029,921,806,807,742,679,470,12828,12828,6115,2536,12838,12839,12839,12835,12843,12844,12844,12842,12842,12843,12843,12843,12845,12846,12846,12846,12846,12847,12847,12847,12848,12847,12848,12848,12849,12848,12850,12849,29981,29982,29983,29982,29984,29984,29984,29986,29989,29990,29990,29991]} 1. e4 c5 2. Nf3 a6 3. c4 e6 4. Nc3 d6 (4... Qc7 5. d4 cxd4 6. Nxd4 Nf6 7. Be3 b6 8. Rc1 Bb7 9. f3 Bd6 10. g3 h5 11. Qd2 Be7 12. Be2 d6 13. O-O Nbd7 14. Qe1 O-O 15. Qf2 {½-½ (49) Radjabov,T (2742)-Artemiev,V (2692) Tbilisi 2017}) 5. Be2 b6 6. O-O {B40: Sicilian: 2...e6, Unusual lines} Bb7 {LiveBook: 4 Games} 7. Re1 Nf6 {[%cal Bg8f6,Bf6d7,Bd7e5][%mdl 32]} 8. Bf1 {White is slightly better.} Be7 $146 ({Predecessor:} 8... Nbd7 9. d4 cxd4 10. Nxd4 Be7 11. f4 O-O 12. f5 e5 13. Nc2 b5 14. cxb5 axb5 15. Nb4 Nc5 16. Nbd5 Ncxe4 17. Nxf6+ Nxf6 18. Nxb5 {0-1 (33) Ansell,S (2381)-Kogan,A (2524) Reykjavik 2010}) 9. d3 Nc6 10. a3 Nd7 11. Rb1 Nde5 12. Be3 Bf6 13. Nd2 h5 14. Nf3 g5 15. Nxe5 Bxe5 16. Qd2 g4 17. Bg5 Bf6 (17... Qc7 $11) 18. Bxf6 $14 Qxf6 19. b4 cxb4 20. axb4 h4 21. b5 Nd4 {With the idea ...h3.} 22. bxa6 $1 Rxa6 23. Nb5 h3 {[#] Strongly threatening ...hxg2.} 24. Nxd4 ({Much worse is} 24. Nxd6+ $6 Kd7 $11) (24. Qb2 $1 $16 e5 25. Nxd4 (25. Nc7+ Ke7 $16) 25... exd4 26. Qb5+ Kf8 27. g3) 24... hxg2 25. Bxg2 Qxd4 26. Qe3 Qe5 (26... Qxe3 $11 27. fxe3 Bc6) 27. Qg3 (27. Rxb6 $14 Rxb6 28. Qxb6) 27... Bc6 28. d4 Qxg3 ({Reject} 28... Qxd4 $6 29. Red1 $16) 29. hxg3 e5 30. d5 Bd7 $1 31. Bf1 Ra5 32. Rxb6 Ke7 33. Rb7 $36 {[%mdl 2048] White fights for an advantage.} Rha8 34. Reb1 {And now c5 would win.} R5a7 (34... Ra1 $11) 35. Kg2 ({White should try} 35. f4 $16 {aiming for fxe5.} f6 36. Be2) 35... Rxb7 $11 36. Rxb7 {[%mdl 4096] Endgame KRB-KRB} Ra2 $2 {[%mdl 8192] [#]} (36... Kd8 $11) 37. c5 $1 $18 {[%cal Bc4c5,Bc5c6,Bc6c7][%mdl 544]} Ke8 (37... dxc5 38. Bb5) 38. c6 Bc8 39. Bb5 Rb2 {[#]} 40. c7+ $1 Ke7 41. Rb8 {Black must now prevent Bc6.} Rxb5 42. Rxb5 {KR-KB} Kd7 43. f4 gxf3+ (43... Kxc7 $142 44. fxe5 dxe5) 44. Kxf3 Kxc7 45. g4 Kd7 46. Ra5 Ke7 47. Ra7+ Bd7 48. g5 Ke8 49. Kg3 Bb5 50. Kg4 Bf1 51. Kf5 Bg2 52. Kf6 Bxe4 53. Re7+ Kd8 54. Rxf7 Bxd5 55. g6 Ke8 56. Re7+ Kd8 57. g7 {White wants to mate with Re6.} Bg8 58. Rb7 {Rb8+ would kill now.} Bh7 59. g8=Q+ Bxg8 60. Rb8+ {White mates.} Kd7 61. Rxg8 Kc6 62. Ke6 Kc5 63. Rg4 Kc6 64. Rc4+ Kb5 65. Kd5 {Precision: White = 58%, Black = 39%.} 1-0

[Event "22nd OIBM 2018"]
[Site "Gmund am Tegernsee"]
[Date "2018.10.29"]
[Round "3"]
[White "Lindam, Ingo"]
[Black "Schnepp, Gunnar"]
[Result "0-1"]
[WhiteElo "2098"]
[BlackElo "2320"]
[Annotator "TA"]
[PlyCount "80"]
[EventDate "2018.10.27"]
[EventType "swiss"]
[EventCountry "GER"]
[SourceTitle "playchess.com"]
[Source "ChessBase"]
[SourceQuality "1"]

{[%evp 24,80,32,34,56,-23,-18,-245,-233,-243,-242,-249,-162,-160,-144,-168,-158,-184,-163,-212,-195,-218,-214,-200,-177,-177,-176,-177,-175,-205,-137,-213,-177,-189,-171,-163,-143,-178,-113,-165,-93,-91,-87,-179,-109,-395,-394,-763,-782,-775,-775,-718,-702,-819,-464,-452,-431,-1227,-564]} 1. d4 c5 2. d5 Nf6 3. Nc3 d6 4. e4 g6 5. Bb5+ Bd7 6. a4 Bg7 7. Nf3 O-O 8. h3 Na6 9. O-O Nc7 {A43: Schmid Benoni} 10. Bc4 a6 11. e5 Nfe8 (11... dxe5 12. Nxe5 Be8 13. Bf4 b5 14. axb5 axb5 15. Rxa8 Qxa8 16. Nf3 bxc4 17. Bxc7 {½-½ (44) Wang,Y (2716)-Malakhov,V (2732) Ningbo 2010}) 12. Re1 b5 13. Bf1 {LiveBook: 3 Games} Rb8 14. Bg5 $146 (14. axb5 $14 axb5 15. Ne4) ({Predecessor:} 14. axb5 axb5 15. Bf4 Ra8 16. Rb1 b4 17. Ne4 {½-½ (32) Averkin,O (2430)-Brodsky,M (2545) Krasnodar 1998}) 14... dxe5 $11 15. Nxe5 $2 (15. Be3 $11) 15... Bxe5 $19 16. Rxe5 f6 17. d6 exd6 18. Rxe8 Nxe8 ({Resist} 18... Qxe8 19. Bh6 $15) ({Don't do} 18... Rxe8 19. Bf4) 19. Bf4 Bc6 20. axb5 axb5 21. Ra6 Qd7 22. Nd5 {Rxc6! is the strong threat.} Rf7 23. Ne3 Ra8 24. Bxb5 Rxa6 25. Bxa6 d5 26. Be2 f5 27. Qa1 (27. b4 $17 {was worth a try.}) 27... Re7 28. Bf1 Qa7 29. Qd1 Qb7 30. b3 Re6 ({Better is} 30... Re4 $19 31. g3 d4) 31. Qa1 (31. c4 $17 d4 32. Nd5 $1 {[%mdl 512]}) 31... Nf6 (31... Qa8 $19 32. Qxa8 Bxa8) 32. Qa5 $17 Qe7 33. Bg5 (33. c3 $17) 33... Kg7 (33... Qd6 $19 34. Bd3 Ne4) 34. g4 $2 {[%mdl 8192]} (34. c4 $17 d4 {[#]} 35. Nd5 $1 {[%mdl 512]} Bxd5 36. cxd5) 34... d4 $19 35. gxf5 $2 (35. Ng2 fxg4 36. hxg4) 35... dxe3 {Black is clearly winning.} 36. fxe6 exf2+ 37. Kxf2 Ne4+ 38. Ke2 Nxg5 39. Qc3+ Kh6 40. h4 (40. Qe3 $142 Qxe6 41. Kd2) 40... Nxe6 {Precision: White = 24%, Black = 48%.} (40... Bf3+ $142 41. Ke3 Qxe6+ 42. Kd3 Qd6+ 43. Ke3 Qe7+ 44. Kd3 Ne4) 0-1

[Event "22nd OIBM 2018"]
[Site "Gmund am Tegernsee"]
[Date "2018.10.29"]
[Round "3"]
[White "Wille, Thomas"]
[Black "Markmann, Ulrich"]
[Result "1/2-1/2"]
[WhiteElo "2096"]
[BlackElo "2282"]
[Annotator "TA"]
[PlyCount "120"]
[EventDate "2018.10.27"]
[EventType "swiss"]
[EventCountry "GER"]
[SourceTitle "playchess.com"]
[Source "ChessBase"]
[SourceQuality "1"]

{[%evp 14,120,-13,-15,-2,-33,-36,-35,-26,-37,-10,-10,-14,-33,-15,-23,-25,-58,-62,-79,-80,-86,-58,-87,-89,-118,-112,-122,-130,-116,-120,-106,-110,-143,-117,-145,-156,-156,-125,-188,-183,-177,-146,-159,-116,-140,-147,-119,-30,-111,-117,-105,-92,-129,-139,-127,-85,-130,-30,-189,-61,-68,-62,-62,-71,-72,-72,-228,-233,-237,-237,-237,-244,-290,-290,-264,-96,-96,-88,-88,-88,-88,-88,-88,-88,-88,-88,-105,-105,-105,0,-88,-88,-179,-179,-179,-105,-105,-105,-105,-105,-105,-8,-8,-8,-8,-8,-8,-8]} 1. c4 c5 2. Nc3 Nf6 3. g3 e6 4. Bg2 d5 5. cxd5 exd5 6. d3 d4 7. Ne4 Nxe4 8. Bxe4 {LiveBook: 3 Games} Bd6 {A34: Symmetrical English: 2 Nc3, lines with ...d5} 9. Bg2 O-O 10. Nf3 Nc6 {Black is slightly better.} 11. O-O Qe7 $146 ({Predecessor:} 11... Bg4 12. Nd2 Qd7 13. Ne4 Be7 14. Re1 h6 15. Qa4 Nb4 16. Qxd7 Bxd7 {½-½ (34) Blanco Fernandez,A (2345)-Gomez,F Isla Guitart 1994}) 12. Re1 Bg4 13. Ng5 h6 14. Ne4 Bc7 $36 {[%mdl 2048] Black has some pressure.} 15. f3 Be6 16. Nf2 Qd7 17. Bd2 a5 18. Qc1 b6 19. e4 dxe3 $1 20. Bxe3 Rae8 21. a3 Nd4 22. Bxd4 Qxd4 ({Much worse is} 22... cxd4 $6 23. f4 $11) 23. Re4 Qd6 24. Qc3 f5 25. Re2 Bd8 {[%cal Bc7d8,Bd8f6,Bf6d4][%mdl 32]} 26. Rae1 (26. d4 $17 {keeps fighting.}) 26... Bf6 $19 27. Qc2 Bd4 28. Kf1 Re7 29. Nh3 g5 30. f4 g4 {[#]} (30... Kh8 $17 31. Qd2 g4) 31. Nf2 (31. Rxe6 $1 $11 {[%mdl 512]} Rxe6 (31... Qxe6 32. Rxe6) 32. Qb3) 31... Rfe8 $17 32. Nd1 Bf7 33. Nc3 Rxe2 34. Rxe2 Rxe2 35. Qxe2 Qe6 (35... Qd7 $17 36. Qd2 Bf6) 36. h4 $2 (36. Qxe6 $11 {and White has nothing to worry.} Bxe6 37. Bd5) 36... c4 (36... Qb3 $19 37. Bc6 Bxc3 38. bxc3 Qxc3) 37. Qxe6 $15 Bxe6 38. dxc4 Bxc4+ {[%mdl 4096] Endgame KBB-KBN} 39. Ke1 b5 {[%cal Bb6b5,Bb5b4][%mdl 32]} 40. a4 $2 (40. Bc6 $17) 40... b4 $1 $19 {[%cal Rb4c3]} 41. Nd1 Bb3 42. Bc6 Kf7 43. Bd7 Kf6 44. h5 Bxd1 $2 (44... Bg1 $1 $19 45. Kf1 Bh2) 45. Kxd1 $17 Bxb2 $19 {KB-KB} 46. Bb5 Bd4 {...Bf2 is the strong threat.} 47. Ke2 b3 48. Bd3 b2 49. Bb1 Ke6 50. Bc2 Kd5 {Strongly threatening ...Kc4.} 51. Kd2 Ke6 52. Ke2 $1 Bc3 53. Bb1 {[#]} (53. Kd1 $17 {might work better.}) 53... Kd5 $1 54. Bxf5 {[#]} Kc4 ({Black should play} 54... Kd4 $1 $19 {And now ...Bb4 would win.} 55. Kd1 Ke3) 55. Kd1 $17 Kb3 {Hoping for ...Ka2.} 56. Be6+ Kxa4 57. Kc2 Bf6 (57... Ka3 $17 {aiming for ...Be1.} 58. Kb1 Be1) 58. Bxg4 $11 {The position is equal.} Kb4 59. Be6 a4 60. g4 a3 {Precision: White = 47%, Black = 48%.} 1/2-1/2

[Event "22nd OIBM 2018"]
[Site "Gmund am Tegernsee"]
[Date "2018.10.29"]
[Round "3"]
[White "Pollmann, Sascha"]
[Black "Hedke, Fred"]
[Result "1-0"]
[WhiteElo "2091"]
[BlackElo "2274"]
[Annotator "TA"]
[PlyCount "55"]
[EventDate "2018.10.27"]
[EventType "swiss"]
[EventCountry "GER"]
[SourceTitle "playchess.com"]
[Source "ChessBase"]
[SourceQuality "1"]

{[%evp 21,55,12,41,0,-1,-83,-47,-64,-35,-43,-38,-40,-47,-54,0,0,0,-12,33,29,55,0,0,0,0,0,248,234,274,234,234,234,282,272,259,259]} 1. Nf3 Nf6 2. g3 d5 3. Bg2 e6 4. O-O Be7 5. d3 O-O 6. Nbd2 c5 7. e4 Nc6 8. Re1 Qc7 9. e5 Nd7 10. Qe2 f6 11. exf6 Nxf6 {LiveBook: 10 Games} 12. Nf1 {C00: French: Unusual White 2nd moves} (12. c3 Bd6 13. a3 Bd7 14. b4 cxb4 15. axb4 a6 16. Nb3 Rae8 17. Bg5 h6 18. Be3 e5 19. Bc5 Bg4 20. h3 {0-1 (46) Petrosian,T (2648)-Drozdowski,K (2463) Warsaw 2013}) 12... Bd6 13. h4 (13. Bg5 $11) 13... Bd7 14. Bg5 $146 {Black is slightly better.} ({Predecessor:} 14. N1h2 Rae8 15. Bg5 e5 16. Nd2 Be6 17. Bxf6 Rxf6 18. c4 Nd4 19. Qd1 {0-1 (19) Duarte,L-Gasperini,A (2159) Brasilia 2006}) 14... h6 15. Bxf6 $1 Rxf6 16. Ne3 Raf8 17. c3 $1 Ne7 18. Ng4 Rf5 19. d4 c4 20. Rf1 Ng6 21. Rae1 (21. Ne3 $14) 21... Bxg3 $11 22. fxg3 Qxg3 {[#] aiming for ...Nf4.} 23. Nge5 Nxe5 $2 (23... Nf4 $11 24. Qd2 Be8) 24. Nxe5 $18 Be8 25. Qg4 Rxf1+ 26. Rxf1 Qe3+ 27. Kh1 Rxf1+ 28. Bxf1 {Precision: White = 51%, Black = 34%.} 1-0

[Event "22nd OIBM 2018"]
[Site "Gmund am Tegernsee"]
[Date "2018.10.29"]
[Round "3"]
[White "Pasti, Aron"]
[Black "Donchenko, Anatoly"]
[Result "1/2-1/2"]
[WhiteElo "2085"]
[BlackElo "2269"]
[Annotator "TA"]
[PlyCount "48"]
[EventDate "2018.10.27"]
[EventType "swiss"]
[EventCountry "GER"]
[SourceTitle "playchess.com"]
[Source "ChessBase"]
[SourceQuality "1"]

{[%evp 12,48,10,3,37,40,37,21,26,0,14,0,0,0,22,-5,6,-10,-10,-17,-9,-8,0,0,-6,-9,0,-30,-27,-49,-33,-47,-41,-28,0,0,0,-4,61]} 1. e4 e5 2. Nf3 Nf6 3. Nxe5 d6 4. Nf3 Nxe4 5. Nc3 Nxc3 6. dxc3 Be7 7. Bd3 {LiveBook: 39 Games} Bg4 {C42: Petroff Defence: 3 Nxe5 and unusual White 3rd moves} (7... Nd7 8. Be3 O-O 9. Qe2 Nc5 10. Bxc5 dxc5 11. O-O-O Bd6 12. Kb1 Qf6 13. h4 Bf5 14. Ng5 Rae8 15. Qf3 Bxd3 16. Qxd3 {0-1 (53) Mamedov,R (2660)-Gelfand,B (2741) Moscow 2010}) 8. h3 Bh5 9. g4 Bg6 10. Bf4 Nc6 11. Qd2 Qd7 12. O-O-O O-O-O 13. Rhe1 Bxd3 14. cxd3 h5 $146 ({Predecessor:} 14... f6 15. d4 d5 {½-½ (49) Seibold,H (2214)-Millikan,E (1741) Nuremberg 2011}) 15. Rg1 hxg4 16. hxg4 Qe6 17. Kb1 Qg6 18. Ne1 {[%cal Bf3e1,Be1c2,Bc2e3,Be3f5][%mdl 32]} Rh3 19. Nc2 Ne5 {...Nf3 is the strong threat.} 20. Bxe5 dxe5 21. Ne3 Bg5 22. Qe2 Qc6 23. Nf5 Qf6 24. d4 e4 {Precision: White = 55%, Black = 45%.} (24... exd4 $11 25. f4 Bxf4) 1/2-1/2

[Event "22nd OIBM 2018"]
[Site "Gmund am Tegernsee"]
[Date "2018.10.29"]
[Round "3"]
[White "Konik, Michael"]
[Black "Heimrath, Reiner"]
[Result "1-0"]
[WhiteElo "2083"]
[BlackElo "2262"]
[Annotator "TA"]
[PlyCount "35"]
[EventDate "2018.10.27"]
[EventType "swiss"]
[EventCountry "GER"]
[SourceTitle "playchess.com"]
[Source "ChessBase"]
[SourceQuality "1"]

{[%evp 16,35,87,104,119,125,100,88,96,83,131,125,249,237,238,206,247,242,242,216,233,164]} 1. e4 d6 2. d4 Nf6 3. Nc3 e5 4. Nf3 exd4 5. Nxd4 Be7 6. Bf4 O-O 7. Qd2 Re8 {C41: Philidor Defence} (7... d5 8. Ndb5 Bb4 9. O-O-O c6 10. Nc7 Nxe4 11. Qd4 Bxc3 12. bxc3 Qe7 13. c4 Qa3+ 14. Qb2 Qa5 15. cxd5 Nxf2 {1-0 (29) Ragger,M (2644)-Schneider,I (2509) Austria 2017}) 8. O-O-O Bf8 9. f3 {LiveBook: 4 Games} Nbd7 {White is better.} 10. g4 {[%cal Bg2g4,Bg4g5][%mdl 32]} Ne5 11. Qf2 c6 $146 ({Predecessor:} 11... Ng6 12. Be3 a6 13. Be2 b5 14. g5 b4 15. Nb1 {1-0 (30) Chesterkine,V (1603)-Kieffer,A (1712) Montlucon 2011}) 12. h4 {[%cal Bh2h4,Bh4h5][%mdl 32]} Qb6 13. Qg3 a5 (13... h5 $16 {was necessary.}) 14. h5 $18 {White is clearly better.} a4 15. g5 Nfd7 16. Nf5 a3 17. b3 Qc5 18. Nb1 {Precision: White = 86%, Black = 43%.} 1-0

[Event "22nd OIBM 2018"]
[Site "Gmund am Tegernsee"]
[Date "2018.10.29"]
[Round "3"]
[White "Fauth, Dietmar"]
[Black "Wintzer, Joachim"]
[Result "0-1"]
[WhiteElo "2082"]
[BlackElo "2260"]
[Annotator "TA"]
[PlyCount "41"]
[EventDate "2018.10.27"]
[EventType "swiss"]
[EventCountry "GER"]
[SourceTitle "playchess.com"]
[Source "ChessBase"]
[SourceQuality "1"]

{[%evp 21,41,-4,0,-18,-27,-25,0,-28,-20,-18,-21,-46,-49,-83,-72,-114,-113,-132,-129,-114,-122,-246]} 1. e4 c6 2. d4 d5 3. exd5 cxd5 4. Bd3 Nc6 5. c3 Qc7 6. Ne2 Bg4 7. f3 Bd7 8. Bf4 e5 {B13: Caro-Kann: Exchange Variation and Panov-Botvinnik Attack} 9. dxe5 Nxe5 10. O-O Bd6 (10... Nf6 11. Nd4 Bd6 12. Na3 O-O 13. Kh1 Bxa3 14. bxa3 Nh5 15. Bxe5 Qxe5 16. Re1 {½-½ (35) Gusain,H (2461)-Warakomski,T (2518) Warsaw 2017}) 11. Nd4 Ne7 {LiveBook: 8 Games} 12. a4 a6 13. Bc2 $146 ({Predecessor:} 13. Na3 Nxd3 14. Bxd6 Qxd6 15. Qxd3 Bxa4 16. Nab5 Bxb5 17. Qxb5+ {0-1 (46) Alekseeva,I (2116)-Nechaeva,M (2406) Moscow 2017}) 13... O-O 14. Nd2 Rfe8 15. Bg3 Rad8 16. f4 Ng4 {Hoping for ...Ne3.} 17. Qf3 Nc6 {Threatens to win with ...Nxd4.} 18. Qd3 {[#]} g6 $1 19. N2b3 Ne3 20. Rf2 Nc4 21. Bd1 (21. Qf3 $17 {is a better defense.}) 0-1

[Event "22nd OIBM 2018"]
[Site "Gmund am Tegernsee"]
[Date "2018.10.29"]
[Round "3"]
[White "Hoppe, Thilo"]
[Black "Tscharotschkin, Michael"]
[Result "1/2-1/2"]
[WhiteElo "2079"]
[BlackElo "2236"]
[Annotator "TA"]
[PlyCount "59"]
[EventDate "2018.10.27"]
[EventType "swiss"]
[EventCountry "GER"]
[SourceTitle "playchess.com"]
[Source "ChessBase"]
[SourceQuality "1"]

{[%evp 26,59,51,52,62,31,109,104,94,40,64,14,14,-60,-47,-166,-159,-345,-358,-392,-383,-391,-379,-375,-378,-359,-368,-365,-319,-301,-250,-253,-66,-67,-67,-85]} 1. e4 e6 2. d4 d5 3. Nc3 Bb4 4. e5 c5 5. a3 Bxc3+ 6. bxc3 Ne7 7. Qg4 Qc7 8. Qxg7 Rg8 9. Qxh7 cxd4 10. Ne2 Nbc6 11. f4 Bd7 12. Qd3 dxc3 13. Qxc3 O-O-O 14. Ng3 {LiveBook: 14 Partien. C18: Französische Verteidigung (Nimzowitsch-Variante)} (14. Rb1 d4 15. Qc4 Nf5 16. g3 Na5 17. Qxc7+ Kxc7 18. Bg2 Bc6 19. Kf2 Nc4 20. Rb4 b5 21. Bxc6 Kxc6 22. a4 a6 23. axb5+ axb5 {1-0 (51) Leko,P (2679)-Pichot,A (2565) Douglas 2017}) 14... Kb8 15. Rb1 Bc8 (15... d4 $14 16. Qd3 Nd5) 16. Bd2 {Weiß steht besser.} b6 17. Be2 (17. Bd3 $16) 17... Bb7 $14 18. Bf3 $146 ({Vorgänger:} 18. O-O d4 19. Qd3 Qc8 20. a4 Nd5 21. Ne4 Nc3 22. Bxc3 dxc3 23. Qxc3 {1-0 (42) Kavitha,J (2065)-Pratihba,Y (2140) Negombo 2003}) 18... Ng6 {[%cal Be7g6,Bg6h4,Bh4f3][%mdl 32]} 19. Rg1 (19. a4 $11) 19... Qe7 20. Nh5 {[#]} (20. Kd1 $15) 20... Nh4 $1 $19 {Und ...d4 würde nun gewinnen.} 21. Nf6 $2 (21. Ng3 $17 {ist eine bessere Verteidigung.}) 21... d4 22. Qb3 Nxf3+ 23. Qxf3 {[#]} Nxe5 $1 {[%mdl 512]} 24. Qf2 (24. fxe5 Bxf3) 24... Qxf6 25. fxe5 Qxe5+ 26. Kd1 Qh5+ 27. Kc1 e5 28. Rb5 {Weiss hofft, mit Txe5! fortzusetzen.} Rd5 $2 (28... Ka8 $19 29. g4 Qh8) 29. Rxd5 $15 Bxd5 30. Qf6 {Precision: Weiß = 44%, Schwarz = 53%.} 1/2-1/2